LEADER 00988nam0 22002531i 450 001 UON00000708 005 20231205101846.568 010 $a48-920518-5-3 100 $a20020107d1987 |0itac50 ba 101 $aeng 102 $aJP 105 $a|||| 1|||| 200 1 $aˆAn ‰outline of moralogy$eA new approach to moral science$fInstitute of Moralogy 210 $aTokyo$cThe Institute of Moralogy$d1987 215 $aXV, 187 p.$d21 cm 606 $aFILOSOFIA MORALE$3UONC003250$2FI 686 $aGIA VII D$cGIAPPONE - RELIGIONE E FILOSOFIA - ALTRE CORRENTI DI PENSIERO$2A 712 02$aInstitute of Moralogy$cTokyo$3UONV000696 801 $aIT$bSOL$c20240220$gRICA 899 $aSIBA - SISTEMA BIBLIOTECARIO DI ATENEO$2UONSI 912 $aUON00000708 950 $aSIBA - SISTEMA BIBLIOTECARIO DI ATENEO$dSI GIA VII D 074 N $eSI SA 54646 7 074 N 996 $aOutline of moralogy$91173882 997 $aUNIOR